Takdir

Bibliographic Details
Main Author: Rosnah Din
Format: Book
Published: Petaling Jaya : Pustaka Tintamas , 1996
Subjects:

MARC

LEADER 00000cam a2200000 7i4500
001 0000009475
002 000010324
005 20000330.0
020 |a 9839166220 
090 0 0 |a JF   |b ROS 
100 0 |a Rosnah Din 
245 0 0 |a Takdir   |c Rosnah Din 
260 |a Petaling Jaya :   |b Pustaka Tintamas ,   |c 1996 
300 |a 37p. :   |b ill. ;   |c 21cm. 
650 0 0 |a Children's stories 
999 |a 049274   |b BUKU   |c PINJAMAN   |e PERPUSTAKAAN KOMUNITI PETALING JAYA